01358nam a2200337 a 4500001001000000003000500010005001700015008004100032010001100073011001100084040000900095090001000104100005100114245016300165260004100328500006000369502009300429590004100522590004000563590004000603590004000643650003200683650003200715650004700747856007000794901000700864942001000871942000600881999001900887952011400906000115550CHAP20220329144539.0190605s2019 mx a sm |||||||spa d a112011 a112983 cCHAP aTesis1 aGarcía González, Fátima Anahí.913595410aProceso salud-enfermedad y su relación social con las enfermedades transmitidas por los alimentos /h[En línea]cpor Fátima Anahí García González. aChapingo, Méx. :bEl autor,c2019. aPara ver el contenido del material haga clic en la liga aTesis (Ing. Agr. Esp. en Sociología Rural) -- UACH. Departamento de Sociología Rural aBATCH-UPDb05c20190605lUCH01h1443 aE8697GMMb05c20190605lUCH01h1005 aE8697GMMb05c20190605lUCH01h1007 aE8697GMMb05c20190605lUCH01h144214aAlimentosxIndustria.9422714aAlimentosxToxicidad.9429514aEnfermedades transm por alimentos.9125703 aFinding aiduhttp://10.13.5.2/tesis/sist115550.pdfzTeclea aquí aBK cTESIS n0 c112011d112011 00102local40718TESISaBCbBCd2019-06-05fTESISl0oTesisp115561-10r2019-12-31 00:00:00w2019-06-05yCD